Normal view
MARC view
- INTERNATIONAL BUSINESS ENTERPRISES -MANAGEMENT, INERNATIONAL BUSINESS ENTERPRISES, INTERNATIONAL ECONOMIC RELATIONS
Entry Topical Term
001 - CONTROL NUMBER
- control field: 64091
003 - CONTROL NUMBER IDENTIFIER
- control field: NUST
005 - DATE AND TIME OF LATEST TRANSACTION
- control field: 20210628203224.0
008 - FIXED-LENGTH DATA ELEMENTS
- fixed length control field: 210628|| aca||aabn | a|a d
040 ## - CATALOGING SOURCE
- Original cataloging agency: NUST
- Transcribing agency: NUST
150 ## - HEADING--TOPICAL TERM
- Topical term or geographic name entry element: INTERNATIONAL BUSINESS ENTERPRISES -MANAGEMENT, INERNATIONAL BUSINESS ENTERPRISES, INTERNATIONAL ECONOMIC RELATIONS
670 ## - SOURCE DATA FOUND
- Source citation: Work cat.: (NUST): Ball , Donald . A , Mcculloch, Wendell .H , Frantz, Paul L 64090, International business , the challenge of global competition, 2004
